Jersey Boys Songs - Statistics

General Stats
  • This quiz has been taken 65 times
  • The average score is 16 of 32
Answer Stats
Answer % Correct
Sherry
98%
December 1963
90%
Big girls don't cry
88%
Walk like a man
88%
Rag Doll
75%
Beggin'
73%
My eyes adored you
71%
Who Loves you
69%
Can't take my eyes off you
63%
Ces Soirées-La
60%
Fallen Angel
56%
Opus 17
56%
Cry for me
54%
Dawn
54%
Working my way back to you
52%
Let's hang on
48%
Bye bye baby
46%
My boyfriend's back
44%
Big man in town
42%
My mother's eyes
42%
Stay
42%
C'mon Marianne
40%
Silhouettes
40%
You're the apple of my eye
35%
I can't give you anything but love
33%
Short shorts
33%
A sunday kind of love
29%
Earth Angel
27%
Trance
27%
An angel cried
25%
I still care
21%
Moody's Moody for love
15%
No matching quizzes found
Score Distribution
Percent of People with Each Score
Percentile by Number Answered
Your Score History
You have not taken this quiz